000 01622nac a22002651u 4500
008 090407t2007 xxu||||| |||| 00| 0 eng d
010 _a2006033141
020 _a9780199280964
020 _a0199280967
035 _a(OCoLC)ocm73742037
035 _a(OCoLC)73742037
082 0 0 _a330.015195
_bDOU
_222
100 _aDougherty, Christopher
_93235
245 1 0 _aIntroduction to Econometrics /
_cChristopher Dougherty.
250 _a3rd ed.
260 _aOxford :
_bOxford University Press,
_cc2007.
300 _axiii, 464 p. :
_bill. ;
_c25 cm.
504 _aIncludes bibliographical references and indexes.
505 0 _aReview : random variables, sampling, and estimation -- Simple regression analysis -- Properties of the regression coefficients and hypothesis testing -- Multiple regression analysis -- Transformations of variables -- Dummy variables --- Specification of regression variables : a preliminary skirmish -- Heteroscedasticity -- Stochastic regressors and measurement errors -- Simultaneous equations estimation -- Binary choice and limited dependent variable models, and maximum likelihood estimation -- Models using time series data -- Properties of regression models with time series data -- Introduction to nonstationary time series -- Introduction to panel data models.
650 0 _aEconometrics.
_93236
653 _bEco
_cSeptember2013
856 4 1 _3Table of contents only
_uhttp://www.loc.gov/catdir/toc/ecip073/2006033141.html
856 4 1 _3Contributor biographical information
_uhttp://www.loc.gov/catdir/enhancements/fy0723/2006033141-b.html
942 _cBB
_k330.015195 DOU
_2ddc
999 _c8367
_d8367